| 000 | 00433nam a22001697a 4500 | ||
|---|---|---|---|
| 005 | 20180725130308.0 | ||
| 008 | 160513b xxu||||| |||| 00| 0 eng d | ||
| 020 | _a0-19-0566766-x | ||
| 041 | _aeng | ||
| 082 |
_b1923 _a658.3 |
||
| 100 |
_aUDAI, PAREEK _94617 |
||
| 245 | _aUnderstanding Organizational Behaviour | ||
| 260 |
_aNew Delhi _bOxford University Press _c2004 |
||
| 300 | _a540p, | ||
| 650 |
_aManagement _9241 |
||
| 942 | _cBK | ||
| 999 |
_c726 _d726 |
||